000 00992nam a22002897a 4500
001 4893
003 FISKH
005 20241023104458.0
008 241023b cb ||||| |||| 00| 0 eng d
020 _a9780545227704
040 _aFISKH
_beng
_cFISKH
_dFISKH
050 _aPZ7.F96624
082 _a833.914
100 _aFunke, Cornelia
245 _aThe Thief Lord /
_cby Cornelia Funke
250 _aThis edition first printing, May 2010
260 _aNew York :
_bScholastic ;
_c2000 .
300 _a349 pages :
_billustrations , maps ;
_c20 cm .
505 _aR
520 _aTwo brothers, having run away from the aunt who plans to adopt the younger one, are sought by a detective hired by their aunt, but they have found shelter with--and protection from--Venice's "Thief Lord."
521 8 _a700
_bLexile
521 8 _aR
_bRaz-Plus
650 _aorphans
_vfiction
700 _aBirmingham, Christian
_eillustrator
942 _2ddc
_cBK
_n0
999 _c4893
_d4893